000 00498 a2200157 4500
245 _aContribution à l'identification et au recensement des plantes utilisées dans la médecine traditionnelle et la pharmacopée en Empire Centrafricain : d'après un rapport présenté à l'ACCT
100 _aAké, A. L.
700 _aAbeye, J.
700 _aGuinko, S.
260 _c1978
300 _a139 p.
035 _a5031
999 _c17509
_d17509